Responses for show #2641 - Monday, February 12, 1996

1996 College Championship quarterfinal game 1.

Contestants

Michael Musgrove, a senior from Georgia Tech University

Bryan Fagan, a junior from Southwest Missouri State University

Jenn Cunningham, a senior from Yale University

[next game >>]

Jeopardy! Round responses

ZOOLOGY
DECORATIVE ARTS
THE 1840s
5-LETTER WORDS
WORLD GEOGRAPHY
STARS ON CD-ROM
    $100 5
beak

Bryan
    $100 1
Japan

Bryan
    $100 6
1849

Jenn
    $100 13
kneel

Bryan
    $100 19
Andes

Bryan
    $100 3
Moon

Michael
    $200 30
tail

Bryan
    $200 4
seaweed

Bryan
    $200 8
nitroglycerin

Bryan
    $200 14
whisk

Michael
    $200 20
Edinburgh

Jenn
    $200 2
basketball

Bryan
    $300 28
(Michael: What are dogs?)

cats

BryanMichael
    $300 7
lace

Bryan
    $300 9
seagulls

Michael
    $300 16
speak

Jenn
    $300 21
Siberia

Michael
    $300 11
Jean-Claude Van Damme

Bryan
    $400 27
tusks

Bryan
    $400 15
(Jenn: What is France?)

Italy

JennBryan
    $400 10
train

Jenn
    $400 17
divot

Bryan
    $400 22
Red Sea

Bryan
    $400 26
Erika Eleniak

Michael
    $500 24
(Jenn: What is a flounder?)
(Bryan: What is a sole?)

halibut

JennBryan
Triple Stumper
    $500 25
filigree

Jenn
    $1,400 12
54-40 or fight

Bryan
    $500 18
first

Bryan
    $500 23
Sri Lanka

Michael
    $500 29
Ami Dolenz

Jenn

Scores at the first commercial break (after clue 10):

Jenn Bryan Michael
$500 $1,100 $400

Scores at the end of the Jeopardy! Round:

Jenn Bryan Michael
$1,100 $5,100 $1,500

Double Jeopardy! Round responses

MISSIONARIES
GOVERNMENT & POLITICS
FRUITS & VEGETABLES
FICTIONAL CHARACTERS
WEIGHTS & MEASURES
HISTORICAL OPERAS
    $200 27
Canterbury

Michael
    $200 11
Treasury

Bryan
    $200 17
seeds

Bryan
    $200 1
Usher

Bryan
    $200 16
360

Jenn
    $200 6
Cleopatra

Jenn
    $400 12
Koop

Michael
    $400 18
prunes

Bryan
    $400 2
James Joyce

Bryan
    $400 21
4

Bryan
    $400 7
Richard the Lionheart

Michael
    $600 29
[The end of the round sound signals.]

Boxer Rebellion

Michael
    $600 13
Bill Bradley

Michael
    $600 19
avocado

Michael
    $600 3
(Jenn: What is a trial?)

The Metamorphosis

JennBryan
    $600 22
acres

Bryan
    $600 8
Xerxes

Jenn
    $800 28
Wesley

Bryan
    $800 14
Bruce Babbitt

Bryan
    $800 24
(Alex: [prior to reading the clue] With about a minute to go.)

coconut

Bryan
    $2,313 4
Count of Monte Cristo

Bryan
    $800 23
millibars

Jenn
    $800 9
Elizabeth I

Michael
    $1000 20
(Michael: What are the Seven Cities of Gold?)
(Alex: Seven Cities of Gold? Don't believe that's right. Take another shot at it.)
(Michael: Seven Legendary Cities of Coronado, El Dorado?)

Seven Cities of Cibola

BryanMichael
    $1,600 15
C.I.A. (Central Intelligence Agency)

Bryan
    $1000 25
(Jenn: Who is George Washington?)

Luther Burbank

Jenn
Triple Stumper
    $1000 5
Ivan Denisovich

Michael
    $1000 26
[NOTE: This was the 375,000th clue entered into the J! Archive, on 2019-07-18.]

megatons

Bryan
    $1000 10
El Cid

Bryan

Scores at the end of the Double Jeopardy! Round:

Jenn Bryan Michael
$1,300 $17,413 $5,100
(lock game)

Final Jeopardy! Round responses

FAMOUS AMERICANS
JennWho is [one letter crossed out] Sherman?
$1,300
MichaelWho is W.T. Sherman
$5,100
BryanWho is Sherman
$4,200
William Tecumseh Sherman

Final scores:

Jenn Bryan Michael
$2,600 $21,613 $10,200
3rd place: $1,000 if eliminated Automatic semifinalist 2nd place: $1,000 if eliminated

Game dynamics:

Coryat scores:

Jenn Bryan Michael
$1,300 $14,400 $5,100
10 R,
4 W
33 R
(including 3 DDs),
1 W
14 R,
2 W

Combined Coryat: $20,800

The J! Archive is created by fans, for fans. The Jeopardy! game show and all elements thereof, including but not limited to copyright and trademark thereto, are the property of Jeopardy Productions, Inc. and are protected under law. This website is not affiliated with, sponsored by, or operated by Jeopardy Productions, Inc. Join the discussion at JBoard.tv.